000 00741nam a2200181 4500
008 070219s2006 hk a 000 0 chi d
020 _a0940043475 :HK62/49.60
090 _aBL65.M4
_bL16h
100 1 _a林振時  Lam, James
245 1 0 _a健康有道: 從衛生保健看神奇妙的創造Healthy in creator's way {ch}/
_c林振時  James Lam.
260 _aXianggang :
_b福音文宣社 Fu yin wen xuan she,
_c2006.
300 _avii, 243 p. :
_bill. ;
_c21 cm.
650 4 _aHealth
_xReligious aspects.
700 1 _aLin, Zhenshi.
740 0 2 _aJian kang you dao : cong wei sheng bao jian kan shen qi miao de chuang zao / Lin Zhenshi zhu.
951 _pC-8182
_x00034436
_oBL65.M4/L16h
_j070613111629140
_d2000-12-21
_cCH
999 _c28599
_d28599
942 0 0 _01